[Event "Foment Martinenc op-B 19st"]
[Site "Barcelona"]
[Date "2017.04.29"]
[Round "2.19"]
[White "Perez Perez, Roberto"]
[Black "Garcia Gil, Jose Antonio"]
[Result "0-1"]
[WhiteElo "1707"]
[BlackElo "1607"]
[PlyCount "78"]
[EventDate "2017.04.22"]
[EventType "swiss"]
[EventRounds "9"]
[EventCountry "ESP"]
[SourceTitle "EXT 2024"]
[Source "ChessBase"]
[SourceDate "2023.10.10"]
[SourceVersion "1"]
[SourceVersionDate "2023.10.10"]
[SourceQuality "1"]

1. e4 c6 2. Nf3 d5 3. exd5 Nf6 4. dxc6 Nxc6 5. Bc4 Bg4 6. c3 e6 7. d3 Bd6 8. 0-0 Qc7 9. g3 a6 10. b4 Ne5 11. Nbd2 0-0 12. Bb3 Qxc3 13. Rb1 Nxd3 14. a3 b5 15. Kg2 Rac8 16. h3 Bh5 17. Qe2 e5 18. g4 Nf4+ 19. Kg3 Nxe2+ 20. Kg2 Bg6 21. Bb2 Qc6 22. Rbd1 Bd3 23. Rfe1 e4 24. Nd4 Nxd4 25. Bxd4 e3+ 26. Nf3 exf2 27. Bxf2 Be4 28. Re3 Bf4 29. Rde1 Bxe3 30. Rxe3 Qc1 31. Kg3 Bxf3 32. Kxf3 Rc3 33. g5 Qh1+ 34. Ke2 Rxe3+ 35. Bxe3 Nd5 36. Bc5 Re8+ 37. Kd3 Qxh3+ 38. Kc2 Re2+ 39. Kc1 Qc3+ 0-1